La rose de Saint-Flour : (Record no. 169922)

MARC details
000 -LEADER
campo de control de longitud fija 00591nam a22001695i 4500
001 - NÚMERO DE CONTROL
campo de control 169922
003 - IDENTIFICADOR DE NÚMERO DE CONTROL
campo de control ES-MaACL
005 - FECHA Y HORA DE LA ÚLTIMA TRANSACCIÓN
campo de control 20230906214235.0
008 - DATOS DE LONGITUD FIJA--INFORMACIÓN GENERAL
campo de control de longitud fija 081222q1889 fr |||| | fre d
100 1# - ENTRADA PRINCIPAL--NOMBRE DE PERSONA
Nombre de persona Carré, Michel.
9 (RLIN) 138040
245 13 - MENCIÓN DEL TÍTULO
Título La rose de Saint-Flour :
Resto del título opérette-bouffe en un acte /
Mención de responsabilidad, etc. par Michel Carré ; musique de J. Offenbach.
260 ## - PUBLICACIÓN, DISTRIBUCIÓN, ETC.
Lugar de publicación, distribución, etc. Paris :
Nombre del editor, distribuidor, etc. Calmann-Lévy,
Fecha de publicación, distribución, etc. [ca. 1889]
300 ## - DESCRIPCIÓN FÍSICA
Extensión 17 p. ;
Dimensiones 19 cm.
650 #4 - PUNTO DE ACCESO ADICIONAL DE MATERIA--TÉRMINO DE MATERIA
Término de materia o nombre geográfico como elemento de entrada Óperas-
Subdivisión de forma Libretos.
9 (RLIN) 137584
700 1# - ENTRADA AGREGADA--NOMBRE PERSONAL
Nombre de persona Offenbach, Jacques.
9 (RLIN) 86559
852 4# - LOCALIZACIÓN
Ubicación ES-MaACL
Número de control de estantería 2245-F-11
Nota libre - Biblioteca Jacinto Martínez Lacalle
Holdings
Estatus retirado Estado de pérdida Estado de daño No para préstamo Colección Biblioteca de origen Biblioteca actual Ubicación en estantería Fecha de adquisición Fuente de adquisición Total de préstamos Signatura topográfica completa Código de barras Visto por última vez Precio de reemplazo Tipo de ítem Koha
        Colección de folletos Biblioteca del Ateneo de Madrid Biblioteca del Ateneo de Madrid Depósito folletos 22/12/2008     2245-F-11 1178399 23/02/2023 23/02/2023 Folleto